000 00446nam a2200205Ia 4500
001 11663
003 GE_BSU
008 181216s||||||||xx |||||||||||||| ||und||
020 _a0007181612
040 _cGE_BSU
080 _a821.111-312
100 _aCrichton,Michael.
245 _aState of fear.
260 _aLondon.
260 _bHarper Publishers.
260 _c2004.
300 _a603p;24cm.
653 _aState of fear.
942 _cBK
999 _c44849
_d44849